[Event "San Cristobal de La Laguna rapid op"]
[Site "San Cristobal de La Laguna"]
[Date "2024.09.01"]
[Round "7"]
[White "Lorenzo Ventura, Abel"]
[Black "Cruz Gomez, Isidro"]
[Result "1/2-1/2"]
[WhiteElo "1725"]
[BlackElo "1964"]
[PlyCount "119"]
[EventDate "2024.08.31"]
[EventType "swiss"]
[EventRounds "9"]
[EventCountry "ESP"]
[SourceTitle "EXT 2025"]
[Source "ChessBase"]
[SourceDate "2024.10.14"]
[SourceVersion "1"]
[SourceVersionDate "2024.10.14"]
[SourceQuality "1"]

1. d4 Nf6 2. Bf4 d5 3. e3 c5 4. c3 Nc6 5. Nf3 Bg4 6. Nbd2 e6 7. h3 Bh5 8. Qb3 Qb6 9. Qxb6 axb6 10. Bc7 Nd7 11. Bd3 Be7 12. 0-0 0-0 13. g4 Bg6 14. Bxg6 hxg6 15. Kg2 Rfc8 16. Bg3 f6 17. Nh4 Kf7 18. f4 b5 19. a3 b4 20. dxc5 bxc3 21. bxc3 Bxc5 22. e4 Rxa3 23. exd5 exd5 24. Rxa3 Bxa3 25. f5 g5 26. Ng6 Re8 27. Kf3 Bc5 28. Re1 Nde5+ 29. Nxe5+ fxe5 30. Kg2 e4 31. Nb3 Bb6 32. Rd1 Rd8 33. h4 gxh4 34. Bxh4 Rd7 35. g5 Ne5 36. g6+ Ke8 37. Ra1 Bd8 38. Ra8 Nc6 39. Nc5 Rc7 40. Ne6 Rd7 41. f6 gxf6 42. g7 Kf7 43. Bxf6 e3 44. Nxd8+ Nxd8 45. g8Q+ Kxg8 46. Rxd8+ Rxd8 47. Bxd8 Kf7 48. Kf3 Ke8 49. Bb6 Kd7 50. Kxe3 Kc6 51. Bd4 Kb5 52. Kf4 Kc4 53. Ke5 b5 54. Bg1 Kxc3 55. Kxd5 b4 56. Bd4+ Kd3 57. Be5 b3 58. Bd4 Kc2 59. Be5 b2 60. Bxb2 1/2-1/2

[Event "Canarias-chT"]
[Site "Vecindario"]
[Date "2018.06.01"]
[Round "2.4"]
[White "Lorenzo Ventura, Abel"]
[Black "Diaz Hernandez, Juan Jose"]
[Result "1/2-1/2"]
[WhiteElo "1565"]
[BlackElo "1003"]
[PlyCount "82"]
[EventDate "2018.05.31"]
[EventType "team-swiss"]
[EventRounds "6"]
[EventCountry "ESP"]
[SourceTitle "EXT 2019"]
[Source "ChessBase"]
[SourceDate "2018.10.10"]
[SourceVersion "1"]
[SourceVersionDate "2018.10.10"]
[SourceQuality "1"]
[WhiteTeam "Isla Bonita"]
[BlackTeam "Sociedad La Montana II"]
[WhiteTeamCountry "ESP"]
[BlackTeamCountry "ESP"]

1. d4 Nf6 2. c4 d5 3. e3 a6 4. a4 e6 5. Nf3 Bb4+ 6. Bd2 Nc6 7. Nc3 Na5 8. cxd5 Bxc3 9. Bxc3 Qxd5 10. Bxa5 Qxa5+ 11. Qd2 Qxd2+ 12. Nxd2 0-0 13. Be2 Bd7 14. Bf3 Rab8 15. b3 Rfd8 16. Rc1 c6 17. 0-0 e5 18. dxe5 Ng4 19. Nc4 b5 20. Na5 Nxe5 21. Nxc6 Nxf3+ 22. gxf3 Bxc6 23. Rxc6 bxa4 24. bxa4 a5 25. Rc5 Ra8 26. Rb1 g6 27. Rbb5 Rd1+ 28. Kg2 Ra1 29. Rxa5 Rxa4 30. Rxa8+ Rxa8 31. f4 f5 32. Rc2 Re8 33. Rc3 Kg7 34. Kh3 h5 35. Kg2 Kh6 36. Kf3 Rg8 37. h4 Ra8 38. Rc1 Ra3 39. Rd1 Ra4 40. Ke2 Ra2+ 41. Rd2 Ra1 1/2-1/2

[Event "Tenerife-chT Preferente 1314"]
[Site "Tenerife"]
[Date "2014.02.08"]
[Round "6.3"]
[White "Lorenzo Ventura, Abel"]
[Black "Kraus, Oliver"]
[Result "0-1"]
[WhiteElo "1569"]
[BlackElo "2031"]
[PlyCount "53"]
[EventDate "2013.12.14"]
[EventType "team-tourn"]
[EventRounds "14"]
[EventCountry "ESP"]
[SourceTitle "EXT 2015"]
[Source "ChessBase"]
[SourceDate "2014.11.20"]
[SourceVersion "1"]
[SourceVersionDate "2014.11.20"]
[SourceQuality "1"]
[WhiteTeam "Universidad"]
[BlackTeam "Rey Ahogado"]
[WhiteTeamCountry "ESP"]
[BlackTeamCountry "ESP"]

1. d4 Nf6 2. c4 c5 3. Nf3 e6 4. Nc3 cxd4 5. Nxd4 Nc6 6. Bg5 Bb4 7. Qd3 Ne5 8. Qc2 Qa5 9. Bxf6 gxf6 10. e3 d6 11. a3 Bd7 12. Rc1 Bxc3+ 13. Qxc3 Qxc3+ 14. Rxc3 Rg8 15. g3 Rc8 16. Nb5 Ke7 17. Nxa7 Ra8 18. Nb5 Bc6 19. f3 Bxf3 20. Rg1 Be4 21. Bg2 f5 22. Bxe4 fxe4 23. Rg2 h5 24. Kf1 Rac8 25. b3 Rg4 26. Rcc2 Nd3 27. Ke2 0-1

[Event "Tenerife-chT-A1"]
[Site "Tenerife"]
[Date "2013.02.23"]
[Round "5.2"]
[White "Lorenzo Ventura, Abel"]
[Black "De Castro de Leon, Jorge"]
[Result "1-0"]
[WhiteElo "1552"]
[BlackElo "1566"]
[PlyCount "111"]
[EventDate "2013.01.19"]
[EventType "team-tourn"]
[EventRounds "14"]
[EventCountry "ESP"]
[SourceTitle "EXT 2014"]
[Source "ChessBase"]
[SourceDate "2013.11.20"]
[SourceVersion "1"]
[SourceVersionDate "2013.11.20"]
[SourceQuality "1"]
[WhiteTeam "Universidad Asados Los Guanches"]
[BlackTeam "Valledrez"]
[WhiteTeamCountry "ESP"]
[BlackTeamCountry "ESP"]

1. d4 Nf6 2. c4 g6 3. Nc3 d5 4. e3 Bg7 5. Nf3 0-0 6. Be2 Bf5 7. 0-0 c6 8. a3 dxc4 9. Bxc4 b5 10. Bd3 Bxd3 11. Qxd3 Nbd7 12. Rd1 Nb6 13. Ne2 Qc7 14. Ng3 Rad8 15. b3 a6 16. Bb2 Rfe8 17. Qc2 Nfd7 18. Rac1 Rc8 19. Ne4 Red8 20. Nc5 Nxc5 21. Qxc5 Nd7 22. Qxe7 Bf8 23. Qe4 Re8 24. Qc2 Qa5 25. b4 Qc7 26. Qc3 Bg7 27. Rc2 Nb6 28. Rdc1 Nc4 29. Ba1 h6 30. Nd2 Nxd2 31. Qxd2 Re6 32. d5 Rd6 33. Bxg7 Kxg7 34. h3 Qd8 35. e4 f5 36. Qc3+ Kf7 37. exf5 gxf5 38. dxc6 Rcxc6 39. Qb3+ Rc4 40. Rxc4 bxc4 41. Qxc4+ Kg6 42. Qf4 Rd1+ 43. Rxd1 Qxd1+ 44. Kh2 Qa4 45. Qe3 Qc6 46. Qe5 Qb6 47. Qe8+ Kf6 48. Qe3 Qxe3 49. fxe3 Ke5 50. Kg3 Ke4 51. Kf2 Kd3 52. a4 Kc4 53. b5 axb5 54. axb5 Kxb5 55. Kf3 Kc5 56. Kf4 1-0